| 000 | 00672cam a2200229 4500 | ||
|---|---|---|---|
| 001 | D15696 | ||
| 008 | 090401t1979 xxu||||| |||| 00| 0 eng d | ||
| 035 | _a(Sirsi) u24645 | ||
| 041 | _aeng | ||
| 050 | _a333.339 | ||
| 090 | _aRICS 1979/24ABD | ||
| 110 |
_aRoyal Institution of Chartered Surveyors _94900 |
||
| 245 | _aMineral valuation | ||
| 260 |
_bRICS _c1979 |
||
| 300 | _a9. 31cm figs. tables | ||
| 350 | _a0 | ||
| 520 | _aFiled in Box 1979/24AB : Paper given to an Ordinary General Meeting of the Midlands Counties Branch Minerals Division, March 1979 | ||
| 650 | _aMINERAL VALUATION | ||
| 710 | _aMinerals Division | ||
| 942 | _n0 | ||
| 948 | _c04/03/1997 | ||
| 999 |
_c88585 _d88585 |
||